000 00522nam a22001937a 4500
999 _c167754
_d167754
005 20190918152117.0
010 _aENG-126489
020 _c75.00
_a9789380005218
035 _aEN-110021
037 _bDBAD/PUB
082 _aN
100 _aOrwell ,George
245 _aAnimal farm /
_cBy George Orwell
260 _aNoida
_bMaple Press
_c2018
270 _bNoida
_aA-63 ,Sector 58
_e201301
_minfo@maplepress.co.in
_k911204553581
300 _a102p.
_c22cm(pbk)
650 _aENGLISH NOVEL
942 _2ddc
_cEN
_hN
_mORW